Grenoble - Choix Multiples - Statistiques

Statistiques générales
  • Ce quiz a été pris 4 627 fois
    4 158 depuis la dernière actualisation
  • Le résultat moyen est 7 sur 10
Statistiques - réponses
Question Réponse % Correct
De quel département la ville de Grenoble est-elle la préfecture ? Isère
94%
Quel chanteur, connu notamment pour "Un jour au mauvais endroit", est né dans la banlieue de Grenoble ? Calogero
89%
De quelle région historique Grenoble a-t-elle été la capitale ? Dauphiné
79%
Au pied de quel massif des Alpes la ville de Grenoble se situe-t-elle ? Vercors
79%
Lequel de ces téléphériques est celui de Grenoble ?
70%
Quel écrivain né à Grenoble a écrit "La Chartreuse de Parme" ? Stendhal
63%
Comment s'appelle le fort qui surplombe la ville de Grenoble ? Fort de La Bastille
61%
En quelle année les Jeux olympiques d'hiver ont-ils eu lieu à Grenoble ? 1968
55%
Quelle ressource naturelle a permis à Grenoble de devenir l’un des premiers centres de développement de la houille blanche ? Les rivières de montagne
50%
Quel superlatif national attribue-t-on souvent (et aujourd'hui à tort) à la ville de Grenoble ? Plus polluée
49%
Aucun quiz correspondant
Distribution des résultats
% des personnes avec chaque résultat
Percentile par nombre de réponses
Votre historique - résultats
Vous n’avez pas pris ce quiz depuis la dernière actualisation